| Tag |
First Indicator |
Second Indicator |
Subfields |
| LEADER |
00000nam a2200000Ia 4500 |
| 001 |
in00004334635 |
| 005 |
20200812093933.0 |
| 006 |
m g d |
| 007 |
cr bn |||a|bb| |
| 008 |
090108s1691 enk o 000 0 eng d |
| 040 |
|
|
|a UMI
|c UMI
|e dcrb
|
| 035 |
|
|
|a (OCoLC)297426120
|
| 037 |
|
|
|a CL0037000130
|b ProQuest Information and Learning, 789 E. Eisenhower Parkway, Ann Arbor, MI 48108-3218
|
| 043 |
|
|
|a e-uk---
|
| 090 |
|
|
|a DA460
|b .E98 1691
|
| 049 |
|
|
|a UMIA
|
| 245 |
0 |
3 |
|a [An exact and faithful] account of the taking part of a fleet of French merchant-men, :
|b and bringing them into Cows in the Isle of Wight: with the narrative of what the French prisoners declare, touching the present conjuncture of affairs.
|
| 260 |
|
|
|a London :
|b Printed for L.C. near Fleet-Bridge,
|c 1691.
|
| 300 |
|
|
|a 1 online resource (1 sheet ([1] pages)
|
| 336 |
|
|
|a text
|b txt
|2 rdacontent
|
| 337 |
|
|
|a computer
|b c
|2 rdamedia
|
| 338 |
|
|
|a online resource
|b cr
|2 rdacarrier
|
| 500 |
|
|
|a Caption title.
|
| 500 |
|
|
|a Imperfect: top of broadside cropped with loss of text from title.
|
| 500 |
|
|
|a Reproduction of original in: Folger Shakespeare Library.
|
| 510 |
4 |
|
|a Wing (2nd edition)
|c E3595A variant
|
| 533 |
|
|
|a Electronic reproduction.
|b Ann Arbor, Mich. :
|c UMI,
|d 1999-
|f (Early English books online)
|n Digital version of: (Early English Books, 1641-1700 ; 2921:29)
|7 s1999 miun s
|
| 651 |
|
0 |
|a Great Britain
|x History
|y William and Mary, 1689-1702
|v Early works to 1800.
|
| 651 |
|
0 |
|a Great Britain
|x Politics and government $y 1689-1702
|v Early works to 1800.
|
| 655 |
|
7 |
|a Broadsides
|z England
|y 17th century.
|2 rbgenr
|
| 830 |
|
0 |
|a Early English books online.
|
| 856 |
4 |
0 |
|u http://proxy.library.tamu.edu/login?url=https://search.proquest.com/docview/2240897406
|z Connect to the full text of this electronic book
|t 0
|
| 994 |
|
|
|a 02
|b UMI
|
| 999 |
f |
f |
|s 8ec90d04-4a9d-3827-ae69-aa3d2f28d739
|i f11dbc75-ad61-3566-9860-7d84149594c2
|t 0
|
| 952 |
f |
f |
|a Texas A&M University
|b College Station
|c Electronic Resources
|d Available Online
|t 0
|e DA460 .E98 1691
|h Library of Congress classification
|
| 998 |
f |
f |
|a DA460 .E98 1691
|t 0
|l Available Online
|